000 00463nam a2200133 4500
999 _c10338
_d10338
008 180822b ||||| |||| 00| 0 eng d
022 _a16565649
082 _aDPer 303.405 H22 June -Sept 2016 v.12 n. 7-10
245 _aA day with the zenfone zoom:
_bzooming in with sharia luna.
260 _aQuezon City:
_bHardware Zone Phils. Corp.,
_cJune -Sept 2016.
300 _av12 n7, page 26:
_billustrations;
_c28 cm.
650 0 _930449
_aPhotography
942 _2ddc
_cPER